[Event "Subang Jaya op 12th"]
[Site "Subang Jaya"]
[Date "2024.01.28"]
[Round "5"]
[White "Peong, Wei Jr"]
[Black "Leong, Kai Shenn"]
[Result "1/2-1/2"]
[WhiteElo "1450"]
[BlackElo "1231"]
[PlyCount "50"]
[EventDate "2024.01.27"]
[EventType "swiss"]
[EventRounds "8"]
[EventCountry "MAS"]
[SourceTitle "CB06_2024"]
[SourceDate "2024.02.07"]
[SourceVersion "1"]
[SourceVersionDate "2024.02.07"]
[SourceQuality "1"]

1. e4 c6 2. Nc3 d5 3. Nf3 dxe4 4. Nxe4 Nf6 5. Ng3 Nbd7 6. Bc4 e6 7. 0-0 Be7 8. d4 0-0 9. Bb3 c5 10. c3 Qc7 11. Qe2 Re8 12. Bxe6 fxe6 13. Qxe6+ Kf8 14. Ng5 Ne5 15. Qxe5 Bd6 16. Nxh7+ Nxh7 17. Qh5 Nf6 18. Qh4 Kf7 19. Bg5 Be6 20. dxc5 Qxc5 21. Bxf6 Rh8 22. Qe4 gxf6 23. Qxb7+ Be7 24. Ne4 Qe5 25. f4 Qd5 1/2-1/2

[Event "Subang Jaya op 12th"]
[Site "Subang Jaya"]
[Date "2024.01.27"]
[Round "3"]
[White "Peong, Wei Jr"]
[Black "Tan, Jun Hang"]
[Result "0-1"]
[WhiteElo "1450"]
[BlackElo "1320"]
[PlyCount "64"]
[EventDate "2024.01.27"]
[EventType "swiss"]
[EventRounds "8"]
[EventCountry "MAS"]
[SourceTitle "CB06_2024"]
[SourceDate "2024.02.07"]
[SourceVersion "1"]
[SourceVersionDate "2024.02.07"]
[SourceQuality "1"]

1. e4 c5 2. f4 Nc6 3. Nf3 d6 4. b3 Nf6 5. d3 Bg4 6. Nbd2 e5 7. f5 d5 8. h3 Bxf3 9. Qxf3 Nd4 10. Qd1 Nxe4 11. Nxe4 dxe4 12. Be3 Nxf5 13. Qd2 Nxe3 14. Qxe3 Qd4 15. Qxd4 cxd4 16. dxe4 Bb4+ 17. Kd1 0-0 18. Bc4 Rac8 19. a4 g6 20. g4 a6 21. Rf1 Kg7 22. Ke2 Be7 23. Rf3 Bg5 24. a5 Rc5 25. Ra4 Bf4 26. Bd3 Rb8 27. Rf1 Bg5 28. Bc4 Bf4 29. Rfa1 Rc7 30. h4 Bg3 31. h5 gxh5 32. gxh5 Kh6 0-1

[Event "Subang Jaya op 12th"]
[Site "Subang Jaya"]
[Date "2024.01.27"]
[Round "2"]
[White "Yap, Ray Jin"]
[Black "Peong, Wei Jr"]
[Result "1/2-1/2"]
[WhiteElo "1241"]
[BlackElo "1450"]
[PlyCount "93"]
[EventDate "2024.01.27"]
[EventType "swiss"]
[EventRounds "8"]
[EventCountry "MAS"]
[SourceTitle "CB06_2024"]
[SourceDate "2024.02.07"]
[SourceVersion "1"]
[SourceVersionDate "2024.02.07"]
[SourceQuality "1"]

1. e4 c5 2. Nf3 d6 3. d4 cxd4 4. Nxd4 Nf6 5. Nc3 a6 6. Be3 e5 7. Nb3 b5 8. f3 Be6 9. Qd2 Nbd7 10. g4 b4 11. Ne2 d5 12. g5 d4 13. Bf2 Nh5 14. Ng3 Nxg3 15. hxg3 Be7 16. f4 Nb6 17. fxe5 Nc4 18. Bxc4 Bxc4 19. Qxd4 Qxd4 20. Nxd4 Bxg5 21. b3 Be6 22. Nxe6 fxe6 23. a3 Be7 24. a4 Rc8 25. Kd1 0-0 26. Be1 Rf3 27. Kc1 Re3 28. Bd2 Rxe4 29. Re1 Rg4 30. Kb2 Rxg3 31. Rac1 a5 32. Red1 Rd8 33. Bf4 Rf3 34. Bh2 h6 35. Rxd8+ Bxd8 36. Rd1 Bh4 37. Bg1 Bf2 38. Rd8+ Kf7 39. Rd7+ Kg6 40. Bxf2 Rxf2 41. Ra7 Re2 42. Rxa5 Kf5 43. Rb5 Rxe5 44. Rxb4 g5 45. Rd4 g4 46. b4 g3 47. a5 1/2-1/2